000 00457nam a22001337a 4500
008 190705b xxu||||| |||| 00| 0 eng d
020 _a9780439908870
050 _aAG 243
_b.M86 2007
100 _aSteve Murrie and Steve Murrie
245 _aEvery minute on earth:
_bfun facts that happen every 60 seconds/ 1090
_cSteve Murrie and Matthew Murrie
260 _aNew York:
_bScholastic Inc.
_c2007.
300 _a224 p. ; col. ill. : 230 cm.
942 _2lcc
_cBK
999 _c361940
_d361940